[Event "O Pohár mìsta Øíèany 2014 - OPEN A"]
[Site "Øíèany"]
[Date "2014.08.28"]
[Round "7.1"]
[White "Korsa, Jindrich"]
[Black "Gregor, Jiri"]
[Result "1/2-1/2"]
[Result "1/2-1/2"]
[WhiteElo "2134"]
[BlackElo "2262"]
[PlyCount "24"]

1. e4 c6 2. Nc3 d5 3. Nf3 Bg4 4. d4 e6 5. Bd3 Bb4 6. O-O Nd7 7. a3 Bxc3 8. bxc3
dxe4 9. Bxe4 Ngf6 10. Bd3 O-O 11. h3 Bh5 12. Re1 Qe7 1/2-1/2

[Event "O Pohár mìsta Øíèany 2014 - OPEN A"]
[Site "Øíèany"]
[Date "2014.08.28"]
[Round "7.2"]
[White "Hradecky, Ivo"]
[Black "Balacek, Tadeas"]
[Result "0-1"]
[WhiteElo "2090"]
[BlackElo "2237"]
[PlyCount "76"]

1. d4 Nf6 2. Nc3 d5 3. e4 Nxe4 4. Nxe4 dxe4 5. Be3 Bf5 6. Bc4 e6 7. g4 Bg6 8.
Ne2 Nd7 9. h4 h5 10. Nf4 Bh7 11. Nxh5 Nb6 12. Bb3 Qd7 13. Qe2 a5 14. a4 Nd5 15.
Bg5 Bb4+ 16. Kf1 Rg8 17. c4 Nb6 18. Bf6 Bf8 19. Qe3 Bg6 20. Qg5 Bxh5 21. gxh5
Rh8 22. Bxg7 Bxg7 23. Qxg7 O-O-O 24. Rd1 Rxh5 25. Qg4 Rdh8 26. Qxe4 Qe7 27. c5
Rxh4 28. Rxh4 Rxh4 29. Qe5 Nd7 30. Qe3 c6 31. Ke2 Nf6 32. Qg5 Re4+ 33. Kd3 Qd8
34. Kc4 e5 35. Qf5+ Kb8 36. Kc3 exd4+ 37. Kd3 Qe7 38. Rg1 Nd7 0-1

[Event "O Pohár mìsta Øíèany 2014 - OPEN A"]
[Site "Øíèany"]
[Date "2014.08.28"]
[Round "7.3"]
[White "Moravec, Vit"]
[Black "Postupa, Martin"]
[Result "1-0"]
[WhiteElo "2162"]
[BlackElo "2085"]
[PlyCount "129"]

1. e4 e5 2. f4 Bc5 3. Nf3 d6 4. Nc3 Nc6 5. Bb5 Bg4 6. Bxc6+ bxc6 7. fxe5 dxe5
8. h3 Bxf3 9. Qxf3 Ne7 10. d3 Rb8 11. Na4 Bb6 12. Be3 Qd6 13. a3 Ng6 14. O-O
O-O 15. g3 Ne7 16. g4 Ng6 17. b3 Qe7 18. Kh2 Bd4 19. Bxd4 exd4 20. Qg3 Rb5 21.
Nb2 h5 22. Nc4 Rg5 23. Rf5 h4 24. Qf2 c5 25. Rxg5 Qxg5 26. Qf5 Qe7 27. Rf1 c6
28. Kg2 Re8 29. Rf3 Nf8 30. Nd6 g6 31. Qxf7+ Qxf7 32. Nxf7 Kg7 33. Nd6 Re7 34.
a4 Ne6 35. Rf2 Ng5 36. Nc4 Re6 37. Nd2 Nf7 38. Rf4 Rf6 39. Rxf6 Kxf6 40. Nc4
Ke6 41. a5 a6 42. Nb6 Ng5 43. Na4 Kd6 44. Nb6 Nf7 45. g5 Ke5 46. Na4 Kd6 47.
Kf3 Nxg5+ 48. Kg4 Ne6 49. Kxh4 Ke5 50. Kg4 Kf6 51. Nb6 Ke7 52. h4 Kf7 53. Nd7
Kg7 54. Nb8 Nd8 55. Nxa6 Nb7 56. Nc7 Nxa5 57. Ne6+ Kf6 58. Nxc5 Ke5 59. b4 Kd6
60. e5+ Kd5 61. e6 Nb7 62. Nxb7 Kxe6 63. Kg5 Kf7 64. Nd8+ Kg7 65. Nxc6 1-0

[Event "O Pohár mìsta Øíèany 2014 - OPEN A"]
[Site "Øíèany"]
[Date "2014.08.28"]
[Round "7.4"]
[White "Vanka, Miloslav"]
[Black "Lacza, Tibor"]
[Result "1/2-1/2"]
[WhiteElo "2135"]
[BlackElo "2067"]
[PlyCount "156"]

1. d4 Nf6 2. Nf3 e6 3. Bg5 Be7 4. Nbd2 h6 5. Bxf6 Bxf6 6. e4 d6 7. Bd3 e5 8.
dxe5 dxe5 9. Qe2 O-O 10. O-O Nd7 11. Nc4 Qe7 12. Ne3 Nb6 13. h3 g6 14. Kh2 c6
15. g3 Bg7 16. Nh4 Qe6 17. g4 Bf6 18. Nhg2 Bg5 19. Qf3 Qf6 20. Qxf6 Bxf6 21. h4
Be6 22. Kg3 Na4 23. b3 Nc5 24. Rfd1 Rad8 25. Ne1 Be7 26. f3 Nxd3 27. Rxd3 Rxd3
28. Nxd3 Bf6 29. Nc5 Bc8 30. Rd1 Rd8 31. Rxd8+ Bxd8 32. Nc4 Bc7 33. Nd3 f6 34.
h5 Kf7 35. hxg6+ Kxg6 36. Ne3 Bd6 37. Kh4 Be6 38. Nf5 Bf8 39. Nf2 a5 40. Nd1 b5
41. Nde3 Bc5 42. Kg3 Kg5 43. Ng7 Bf7 44. Ngf5 h5 45. gxh5 Bxh5 46. Ng2 Bg6 47.
Nfe3 Bf7 48. Ng4 Be6 49. N4e3 a4 50. Ng4 Bb4 51. N4e3 Bd2 52. Kf2 Bc3 53. Ke2
Bd4 54. Kd3 axb3 55. axb3 Bc5 56. Ke2 Bh3 57. Ne1 Kh4 58. Nd3 Bd6 59. c4 bxc4
60. bxc4 Kg5 61. Kf2 Be6 62. Ke2 Bb8 63. Nb4 Bd7 64. Nd3 Ba7 65. c5 Bc8 66. Ng2
Ba6 67. Kd2 Bxd3 68. Kxd3 Bxc5 69. Kc4 Bf2 70. Kd3 Kg6 71. Ke2 Bd4 72. Kd3 Bf2
73. Ke2 Bd4 74. Kd3 Kg5 75. Ke2 Bb6 76. Kd3 Kg6 77. Ke2 Bd4 78. Kd3 c5 {dale
necitelne} 1/2-1/2

[Event "O Pohár mìsta Øíèany 2014 - OPEN A"]
[Site "Øíèany"]
[Date "2014.08.28"]
[Round "7.5"]
[White "Rut, Vojtech"]
[Black "Vyprachticky, David"]
[Result "1/2-1/2"]
[WhiteElo "2119"]
[BlackElo "2121"]
[PlyCount "89"]

1. e4 e5 2. Nf3 Nc6 3. d4 exd4 4. Bc4 Nf6 5. e5 d5 6. Bb5 Ne4 7. Nxd4 Bd7 8.
Bxc6 bxc6 9. O-O Bc5 10. f3 Ng5 11. f4 Ne4 12. Be3 Qb8 13. Qc1 Bxd4 14. Bxd4 c5
15. Bf2 Bb5 16. Re1 Nxf2 17. Kxf2 Qb6 18. Kg1 Bc6 19. Nd2 O-O-O 20. Kh1 f6 21.
e6 Ba8 22. Qd1 g6 23. e7 Rde8 24. Qg4+ f5 25. Qh4 Qd6 26. Re5 h6 27. Rae1 Kd7
28. Nf3 d4 29. Re6 Qxe6 30. Rxe6 Kxe6 31. Ne5 Rxe7 32. Kg1 g5 33. Qh5 Rg7 34.
Nd3 c4 35. Qe2+ Be4 36. Nf2 Kd5 37. b3 cxb3 38. axb3 gxf4 39. Qc4+ Ke5 40. Qc5+
Ke6 41. Nxe4 fxe4 42. Qxd4 Rhg8 43. Qxe4+ Kd7 44. Qd5+ Ke8 45. Qa8+ 1/2-1/2

[Event "O Pohár mìsta Øíèany 2014 - OPEN A"]
[Site "Øíèany"]
[Date "2014.08.28"]
[Round "7.6"]
[White "Kulhanek, Tomas"]
[Black "Pycha, Patrik"]
[Result "1-0"]
[WhiteElo "2333"]
[BlackElo "2002"]
[PlyCount "119"]

1. e4 e6 2. d4 d5 3. e5 c5 4. c3 Qb6 5. Nf3 Nc6 6. Be2 cxd4 7. cxd4 Nh6 8. Nc3
Nf5 9. Na4 Qa5+ 10. Kf1 b5 11. Nc3 b4 12. Nb1 Ba6 13. Be3 Rb8 14. Bxa6 Qxa6+
15. Qe2 Qxe2+ 16. Kxe2 b3 17. Rc1 Kd7 18. a3 Be7 19. Nbd2 Rhc8 20. Rc3 a5 21.
g4 Nxe3 22. fxe3 a4 23. Rac1 Na5 24. Rxc8 Rxc8 25. Rxc8 Kxc8 26. Kd3 Kc7 27.
Ng1 Kb6 28. Ne2 Nc6 29. Nc3 Ka5 30. e4 Bg5 31. exd5 exd5 32. Nf1 Bc1 33. Nd1
Ne7 34. Ng3 Ng6 35. Ne2 Bf4 36. h4 Bh2 37. Ndc3 Nxh4 38. Nxd5 Nf3 39. Nc7 Kb6
40. Nd5+ Kc6 41. Ndc3 Bxe5 42. Ke3 Nh2 43. dxe5 Nxg4+ 44. Kd4 h5 45. Nf4 h4 46.
Nh3 Nh2 47. Ke4 Nf1 48. Nxa4 Nd2+ 49. Ke3 Nc4+ 50. Kd4 Nd2 51. Ng5 f6 52. exf6
gxf6 53. Nh3 f5 54. Nc3 Nf3+ 55. Kc4 Nd2+ 56. Kd3 Nf3 57. Ne2 Kd5 58. Nhf4+ Kc5
59. Kc3 Nd4 60. a4 1-0

[Event "O Pohár mìsta Øíèany 2014 - OPEN A"]
[Site "Øíèany"]
[Date "2014.08.28"]
[Round "7.7"]
[White "Svatos, Jan"]
[Black "Krejci, Martin"]
[Result "1-0"]
[WhiteElo "2233"]
[BlackElo "2059"]
[PlyCount "55"]

1. d4 Nf6 2. Bg5 g6 3. Bxf6 exf6 4. e3 Bg7 5. Bc4 f5 6. Ne2 d6 7. c3 Nd7 8. O-O
O-O 9. Nd2 Nf6 10. d5 c5 11. a4 a6 12. Nf4 Re8 13. Bd3 Ne4 14. Nc4 b6 15. Qc2
Rb8 16. Rfd1 b5 17. axb5 axb5 18. Na5 Bd7 19. Bxe4 fxe4 20. Nc6 Bxc6 21. dxc6
Rb6 22. c7 Qc8 23. Qb3 Qb7 24. Nd5 c4 25. Qa3 Rc6 26. Qa7 Qc8 27. h3 Be5 28.
Qb8 1-0

[Event "O Pohár mìsta Øíèany 2014 - OPEN A"]
[Site "Øíèany"]
[Date "2014.08.28"]
[Round "7.9"]
[White "Voracek, Zdenek"]
[Black "Hrdina, Robin"]
[Result "1-0"]
[WhiteElo "2020"]
[BlackElo "2077"]
[PlyCount "61"]

1. d4 Nf6 2. c4 e6 3. Nf3 c5 4. d5 b5 5. e4 Nxe4 6. dxe6 fxe6 7. Bd3 Nf6 8.
cxb5 d5 9. O-O Bd6 10. Re1 O-O 11. Bg5 Qe8 12. Nbd2 e5 13. Bxf6 gxf6 14. Nc4
Bc7 15. Bxh7+ Kxh7 16. Qxd5 Be6 17. Qxa8 Qxb5 18. b3 a5 19. Qe4+ Kg7 20. Ne3
Nc6 21. Nf5+ Kf7 22. Qg4 Bxf5 23. Qxf5 Ne7 24. Qh5+ Ke6 25. Rac1 Nd5 26. Qh6
Rg8 27. Rc4 Kf7 28. Nh4 Qd7 29. Qh5+ Kf8 30. Ng6+ Kg7 31. Rg4 1-0

[Event "O Pohár mìsta Øíèany 2014 - OPEN A"]
[Site "Øíèany"]
[Date "2014.08.28"]
[Round "7.10"]
[White "Bednar, Marcel"]
[Black "Kratky, Josef"]
[Result "1-0"]
[WhiteElo "2300"]
[BlackElo "2009"]
[PlyCount "63"]

1. d4 Nf6 2. Nf3 g6 3. c4 Bg7 4. Nc3 O-O 5. e4 d6 6. Be2 e5 7. O-O Nc6 8. d5
Ne7 9. Ne1 Nd7 10. Be3 f5 11. f3 f4 12. Bf2 g5 13. g4 fxg3 14. hxg3 Rf6 15. Be3
Rg6 16. Qd2 h6 17. Nd3 Nf6 18. Kg2 Nh5 19. Kf2 Qf8 20. Rh1 Nf4 21. gxf4 exf4
22. Bxf4 gxf4 23. Nxf4 Bd4+ 24. Qxd4 Qxf4 25. Rag1 Kh7 26. Qe3 Qxe3+ 27. Kxe3
Bd7 28. Bd3 Rgg8 29. Ne2 c6 30. Nf4 Rxg1 31. Rxg1 cxd5 32. cxd5 1-0

[Event "O Pohár mìsta Øíèany 2014 - OPEN A"]
[Site "Øíèany"]
[Date "2014.08.28"]
[Round "7.11"]
[White "Postupa, Pavel"]
[Black "Fencl, Pavel"]
[Result "1/2-1/2"]
[WhiteElo "2260"]
[BlackElo "1974"]
[PlyCount "142"]

1. e4 g6 2. d4 c6 3. Nc3 d5 4. f3 Bg7 5. Be3 e6 6. Qd2 Nd7 7. O-O-O Ne7 8. Bh6
Bxh6 9. Qxh6 Ng8 10. Qe3 Kf8 11. h4 h6 12. h5 g5 13. g3 f5 14. g4 dxe4 15. gxf5
exf5 16. fxe4 fxe4 17. Nxe4 Ngf6 18. Nxf6 Nxf6 19. Bc4 Qd6 20. Rf1 Kg7 21. Qd3
Nd5 22. Bxd5 cxd5 23. Nf3 Qf4+ 24. Nd2 Qd6 25. Kb1 Bg4 26. Rfg1 Bd7 27. Nf3
Rhf8 28. Ne5 Bf5 29. Qe3 Be4 30. Rh3 Rac8 31. Rc1 Rxc2 32. Nd3 Rxc1+ 33. Kxc1
Qc7+ 34. Kd1 b6 35. Rg3 Kh7 36. Ne1 Rf1 37. Qc3 Qf7 38. Re3 Qxh5+ 39. Kc1 g4
40. b4 Qf7 41. Kb2 h5 42. Ka3 h4 43. Nd3 Bxd3 44. Qxd3+ Qf5 45. Re7+ Kg6 46.
Qd2 Rf3+ 47. Ka4 a6 48. Qc1 b5+ 49. Ka5 Qf6 50. Rc7 Qxd4 51. Qc2+ Qe4 52. Qc6+
Rf6 53. Qd7 Kg5 54. Rc5 Qe6 55. Rxd5+ Kg6 56. Qd8 h3 57. a3 h2 58. Rd1 Qb6+ 59.
Qxb6 Rxb6 60. Kxb6 g3 61. Rd3 h1=Q 62. Rxg3+ Kf5 63. Rc3 Qa8 64. Rc7 Qd8 65.
Kb7 Ke4 66. Rc5 Qd6 67. Rc6 Qd5 68. Kb6 Kd4 69. Rc1 Qd7 70. Rc5 Qd6+ 71. Rc6
Qd7 1/2-1/2

[Event "O Pohár mìsta Øíèany 2014 - OPEN A"]
[Site "Øíèany"]
[Date "2014.08.28"]
[Round "7.12"]
[White "Koper, Stefan"]
[Black "Vojta, Pavel"]
[Result "0-1"]
[WhiteElo "1954"]
[BlackElo "2225"]
[PlyCount "60"]

1. d4 Nf6 2. c4 e6 3. Nf3 d5 4. cxd5 exd5 5. Nc3 c6 6. e3 Bf5 7. Bd3 Bxd3 8.
Qxd3 Bb4 9. a3 Bxc3+ 10. bxc3 O-O 11. O-O Nbd7 12. a4 Re8 13. c4 dxc4 14. Qxc4
Qa5 15. Bd2 Qh5 16. a5 Re6 17. Qb3 Rb8 18. Rfc1 Ne4 19. Be1 Rg6 20. Qd1 Qg4 21.
g3 Rh6 22. h4 Qh3 23. Qd3 Ndf6 24. Qf1 Qf5 25. Qg2 Ng4 26. Nh2 Nxh2 27. Qxh2
Ng5 28. Qg2 Nf3+ 29. Kh1 Qg4 30. Bb4 Rxh4+ 0-1

[Event "O Pohár mìsta Øíèany 2014 - OPEN A"]
[Site "Øíèany"]
[Date "2014.08.28"]
[Round "7.13"]
[White "Cerny, Martin"]
[Black "Jelinek, Michal"]
[Result "1-0"]
[WhiteElo "2184"]
[BlackElo "1946"]
[PlyCount "81"]

1. d4 d5 2. c4 e6 3. Nf3 Nf6 4. cxd5 exd5 5. Nc3 c6 6. Bg5 Be7 7. Qc2 Nbd7 8.
e3 O-O 9. Bd3 Re8 10. O-O Nf8 11. h3 Nh5 12. Bxe7 Qxe7 13. Rab1 a5 14. Rfc1 g6
15. Na4 Nd7 16. Qb3 Nhf6 17. Nd2 Qb4 18. Qc2 Qd6 19. Rd1 Nh5 20. Rbc1 f5 21.
Nc5 Nxc5 22. dxc5 Qe7 23. Nb3 Nf6 24. Qc3 Qd8 25. Rf1 Ne4 26. Bxe4 fxe4 27. f4
Qh4 28. Kh2 a4 29. Nd4 h5 30. f5 gxf5 31. Nxf5 Qg5 32. h4 Qg6 33. Nd6 Re6 34.
Rf5 Rxd6 35. Rg5 Qxg5 36. hxg5 Rg6 37. Qe5 Bg4 38. Rf1 Rf8 39. Rxf8+ Kxf8 40.
Qb8+ Kf7 41. Qxb7+ 1-0

[Event "O Pohár mìsta Øíèany 2014 - OPEN A"]
[Site "Øíèany"]
[Date "2014.08.28"]
[Round "7.14"]
[White "Tejkal, Jiri"]
[Black "Kubikova, Hana"]
[Result "1-0"]
[WhiteElo "1941"]
[BlackElo "2172"]
[PlyCount "105"]

1. d4 Nf6 2. c4 c5 3. d5 e6 4. Nc3 exd5 5. cxd5 d6 6. e4 g6 7. Nf3 Bg7 8. Nd2
a6 9. a4 O-O 10. Be2 Re8 11. O-O Nbd7 12. f4 Rb8 13. Qc2 Nf8 14. Kh1 Bg4 15.
Bxg4 Nxg4 16. Nf3 Nd7 17. h3 Ngf6 18. Re1 Nb6 19. Rb1 Nfd7 20. Be3 Nc4 21. Bf2
b5 22. Qd3 Qa5 23. e5 dxe5 24. fxe5 Ncxe5 25. Nxe5 Nxe5 26. Qe2 b4 27. Ne4 c4
28. Nd6 Red8 29. Nxc4 Nxc4 30. Qxc4 Rbc8 31. Qb3 Qxd5 32. Re8+ Rxe8 33. Qxd5
Red8 34. Qb7 Rc2 35. Bh4 Rdc8 36. Qxb4 Be5 37. Bg5 Kg7 38. Bf4 Bf6 39. Bg3 R8c6
40. Qe4 R6c4 41. Qe3 Rc5 42. Kh2 h5 43. h4 a5 44. Be1 R2c4 45. Bc3 Rxh4+ 46.
Kg1 Bxc3 47. bxc3 Rhc4 48. Rb5 Rc7 49. Rxa5 Rxc3 50. Qd4+ f6 51. Rd5 Rc1+ 52.
Kh2 R1c4 53. Rd7+ 1-0

[Event "O Pohár mìsta Øíèany 2014 - OPEN A"]
[Site "Øíèany"]
[Date "2014.08.28"]
[Round "7.15"]
[White "Havelka, Josef"]
[Black "Kohout, Vratislav"]
[Result "1-0"]
[WhiteElo "2019"]
[BlackElo "2119"]
[PlyCount "115"]

1. d4 d5 2. c4 c6 3. Nf3 Nf6 4. e3 Bg4 5. Qb3 Qb6 6. Ne5 Qxb3 7. axb3 Bf5 8. c5
Nbd7 9. Nf3 e6 10. Nc3 Be7 11. b4 O-O 12. b5 Ne4 13. Nxe4 Bxe4 14. bxc6 bxc6
15. Bd2 e5 16. Bc3 exd4 17. exd4 Bf6 18. Be2 a5 19. Kd2 g5 20. h3 h5 21. Ne1
Bg6 22. Nd3 Rfe8 23. Ra4 Re7 24. Rha1 Rae8 25. Bf1 g4 26. hxg4 hxg4 27. Rxa5
Bg5+ 28. Kd1 g3 29. f3 Re3 30. Nb4 R3e6 31. Ra8 Nb8 32. R1a7 Bf4 33. Rb7 Bf5
34. Bd2 Kg7 35. Bxf4 Re1+ 36. Kd2 Rxf1 37. Rbxb8 Rf2+ 38. Kc3 Rxb8 39. Bxb8
Rxg2 40. Ra1 Rf2 41. Nxc6 g2 42. Rg1 Bh3 43. Bh2 Rxf3+ 44. Kb4 Rf2 45. b3 f5
46. Ne7 f4 47. Nxd5 f3 48. Nf4 Bf5 49. d5 Rc2 50. Nxg2 fxg2 51. Kb5 Kf6 52. b4
Ke7 53. c6 Kd8 54. Kb6 Be4 55. b5 Rd2 56. d6 Kc8 57. d7+ Kd8 58. Bc7+ 1-0

[Event "O Pohár mìsta Øíèany 2014 - OPEN A"]
[Site "Øíèany"]
[Date "2014.08.28"]
[Round "7.16"]
[White "Pospisil, Evzen"]
[Black "Franek, Jan"]
[Result "1/2-1/2"]
[WhiteElo "2104"]
[BlackElo "1921"]
[PlyCount "53"]

1. d4 d5 2. Nf3 e6 3. g3 c6 4. Bg2 Bd6 5. Nbd2 f5 6. c4 Nf6 7. O-O O-O 8. b3
Nbd7 9. Bb2 Ne4 10. Ne5 Rf6 11. Ndf3 g5 12. Qc1 Rh6 13. h4 Rh5 14. Nxg5 Nxg5
15. hxg5 Rxg5 16. cxd5 exd5 17. Nxc6 bxc6 18. Qxc6 Nb6 19. Bxd5+ Kg7 20. Bg2
Rb8 21. d5+ Kf7 22. Qc3 Nd7 23. Qe3 Rg6 24. Rac1 Nf6 25. Qxa7+ Rb7 26. Qd4 Re7
27. Qd3 1/2-1/2

[Event "O Pohár mìsta Øíèany 2014 - OPEN A"]
[Site "Øíèany"]
[Date "2014.08.28"]
[Round "7.17"]
[White "Matejovsky, Ondrej"]
[Black "Skacel, Jan"]
[Result "1/2-1/2"]
[WhiteElo "2014"]
[BlackElo "2075"]
[PlyCount "46"]

1. e4 e5 2. Nf3 Nc6 3. Nc3 Nf6 4. Bb5 Bb4 5. O-O O-O 6. d3 Bxc3 7. bxc3 d6 8.
Bg5 Qe7 9. Re1 Nd8 10. Rb1 Ne6 11. Bh4 Nf4 12. Qd2 Bg4 13. Qe3 Ng6 14. Bg3 Nh5
15. Bc4 c6 16. Nd2 Nhf4 17. f3 Bc8 18. d4 b5 19. Bf1 a6 20. Nb3 Be6 21. Bf2 a5
22. g3 a4 23. Nc1 Nh3+ 1/2-1/2

[Event "O Pohár mìsta Øíèany 2014 - OPEN A"]
[Site "Øíèany"]
[Date "2014.08.28"]
[Round "7.18"]
[White "Simecek, Bohumil"]
[Black "Jandl, Vojtech"]
[Result "1/2-1/2"]
[WhiteElo "2058"]
[BlackElo "1881"]
[PlyCount "42"]

1. d4 d5 2. Nf3 Nf6 3. c4 e6 4. g3 Be7 5. Bg2 O-O 6. O-O dxc4 7. Qc2 a6 8. Qxc4
b5 9. Qc2 Bb7 10. Bd2 Nc6 11. Be3 Nb4 12. Qc1 Nbd5 13. Nc3 Rc8 14. Nxd5 Nxd5
15. Rd1 Qd6 16. Qd2 Rfd8 17. Rac1 Nxe3 18. Qxe3 Qb6 19. Ne5 Bxg2 20. Kxg2 c5
21. dxc5 Bxc5 1/2-1/2

[Event "O Pohár mìsta Øíèany 2014 - OPEN A"]
[Site "Øíèany"]
[Date "2014.08.28"]
[Round "7.19"]
[White "Fuskova, Martina"]
[Black "Vavrinec, Tomas"]
[Result "1/2-1/2"]
[WhiteElo "1948"]
[BlackElo "2044"]
[PlyCount "42"]

1. e4 e6 2. d4 d5 3. Nc3 h6 4. Nf3 Nf6 5. Bd3 Bb4 6. e5 Ne4 7. Bd2 Nxd2 8. Qxd2
c5 9. a3 Qa5 10. O-O Bxc3 11. Qxc3 Qxc3 12. bxc3 c4 13. Be2 Bd7 14. Rab1 b6 15.
Nd2 Ba4 16. Rb2 Nc6 17. f4 Ne7 18. Bg4 g5 19. f5 Kd7 20. Rf2 Raf8 21. Nf1 Ke8
1/2-1/2

[Event "O Pohár mìsta Øíèany 2014 - OPEN A"]
[Site "Øíèany"]
[Date "2014.08.28"]
[Round "7.21"]
[White "Vecera, Petr"]
[Black "Havelka, Jan"]
[Result "0-1"]
[WhiteElo "2045"]
[BlackElo "1891"]
[PlyCount "40"]

1. e4 c5 2. c3 e6 3. d4 d5 4. e5 Nc6 5. Nf3 Bd7 6. Be2 Nge7 7. O-O cxd4 8. cxd4
Ng6 9. Nc3 Be7 10. Bd3 O-O 11. Ne2 Rc8 12. Nf4 Nb4 13. Bb1 Bb5 14. Re1 Qc7 15.
Ng5 Qxc1 16. Nxg6 hxg6 17. Qxc1 Rxc1 18. Rxc1 Bxg5 19. Rc5 Ba4 20. g3 Nc6 0-1

[Event "O Pohár mìsta Øíèany 2014 - OPEN A"]
[Site "Øíèany"]
[Date "2014.08.28"]
[Round "7.22"]
[White "Paulovic, Milan"]
[Black "Petras, Milan"]
[Result "1/2-1/2"]
[WhiteElo "1855"]
[BlackElo "2046"]
[PlyCount "32"]

1. Nf3 Nf6 2. b3 d6 3. d4 g6 4. Bb2 Bg7 5. g3 O-O 6. Bg2 Nbd7 7. Nbd2 e5 8.
dxe5 Ng4 9. O-O Ngxe5 10. Rb1 Re8 11. c4 Rb8 12. Re1 a5 13. Qc2 Nc5 14. Nxe5
dxe5 15. Rbd1 Qf6 16. Bc3 b6 1/2-1/2

[Event "O Pohár mìsta Øíèany 2014 - OPEN A"]
[Site "Øíèany"]
[Date "2014.08.28"]
[Round "7.23"]
[White "Berg, Antonin"]
[Black "Pychova, Nela"]
[Result "1/2-1/2"]
[WhiteElo "1853"]
[BlackElo "2006"]
[PlyCount "159"]

1. e4 c5 2. Nf3 d6 3. d4 cxd4 4. Nxd4 Nf6 5. Nc3 g6 6. Be3 Bg7 7. f3 O-O 8. g4
Nc6 9. Qd2 Be6 10. O-O-O Nxd4 11. Bxd4 Qa5 12. a3 Rab8 13. Nd5 Qxd2+ 14. Rxd2
Bxd5 15. Bxf6 Bxf6 16. Rxd5 Be5 17. h4 h6 18. Bc4 Rfc8 19. Bb3 b5 20. Rd3 a5
21. c3 b4 22. axb4 Rxb4 23. Bc2 Rb6 24. Ba4 Rc4 25. b3 Rxc3+ 26. Rxc3 Bxc3 27.
Kc2 Bf6 28. Kd3 Rb7 29. h5 Bg5 30. hxg6 fxg6 31. Rh2 Rc7 32. Rc2 Rxc2 33. Kxc2
Kf7 34. Kd3 h5 35. gxh5 gxh5 36. Kd4 h4 37. Bb5 h3 38. Bf1 h2 39. Bg2 Bf4 40.
Kc4 Be3 41. Kb5 Bd2 42. f4 Bxf4 43. Kxa5 Bd2+ 44. Kb5 Ke6 45. Kc4 Ke5 46. Kd3
Bb4 47. Kc4 Be1 48. b4 e6 49. b5 Ba5 50. Kd3 Kf4 51. Ke2 Bb6 52. Bh1 Ke5 53.
Kd3 d5 54. exd5 exd5 55. Bg2 d4 56. Bc6 Kf4 57. Ke2 Kg3 58. Bd5 Bc5 59. Bc6 Kf4
60. Kd3 Ke5 61. Bg2 Bb6 62. Bh1 Kd6 63. Kc4 Ba7 64. Bg2 Kc7 65. Bf3 Bb6 66. Bg2
Bc5 67. Bh1 Kb6 68. Bg2 Kc7 69. Bh1 Kd6 70. Bg2 Bb6 71. Bh1 Ke5 72. Kd3 Kf4 73.
Ke2 Kg3 74. Bc6 Bc7 75. Bh1 Be5 76. b6 Kg4 77. Kd3 Kf5 78. b7 Ke6 79. b8=Q Bxb8
80. Kxd4 1/2-1/2

[Event "O Pohár mìsta Øíèany 2014 - OPEN A"]
[Site "Øíèany"]
[Date "2014.08.28"]
[Round "7.24"]
[White "Skala, Jaromir"]
[Black "Lacha, Jan"]
[Result "1/2-1/2"]
[WhiteElo "2006"]
[BlackElo "1827"]
[PlyCount "30"]

1. d4 d5 2. c4 c6 3. Nf3 e6 4. e3 f5 5. Nc3 Nf6 6. Be2 Bd6 7. Qc2 O-O 8. Bd2
Ne4 9. a3 a5 10. O-O Nd7 11. b4 axb4 12. axb4 Rxa1 13. Rxa1 Nxd2 14. Nxd2 Bxb4
15. c5 e5 1/2-1/2

[Event "O Pohár mìsta Øíèany 2014 - OPEN A"]
[Site "Øíèany"]
[Date "2014.08.28"]
[Round "7.25"]
[White "Hurtak, Otto"]
[Black "Prochazka, Petr"]
[Result "1/2-1/2"]
[WhiteElo "1995"]
[BlackElo "1841"]
[PlyCount "70"]

1. d4 d5 2. c4 Nc6 3. Nf3 Bg4 4. Nc3 e6 5. e3 Bb4 6. Bd2 Nge7 7. h3 Bxf3 8.
Qxf3 O-O 9. cxd5 Nxd5 10. Bc4 Nb6 11. Bb5 Na5 12. a3 Bd6 13. Qe2 Nb3 14. Rd1
Qg5 15. O-O Nxd2 16. Rxd2 f5 17. e4 f4 18. Qf3 e5 19. Qg4 Qxg4 20. hxg4 f3 21.
g3 c6 22. Ba4 Nc4 23. Bb3 b5 24. Rfd1 Rae8 25. Bxc4+ bxc4 26. d5 cxd5 27. Rxd5
Bc7 28. Rc5 Bb6 29. Rxc4 Rf6 30. Nd5 Rd6 31. Rdc1 Bd4 32. R1c2 Rg6 33. Rc7 Rxg4
34. Rxa7 Rxg3+ 35. Kf1 Rh3 1/2-1/2

[Event "O Pohár mìsta Øíèany 2014 - OPEN A"]
[Site "Øíèany"]
[Date "2014.08.28"]
[Round "7.26"]
[White "Stojkovic, Andreja"]
[Black "Zizka, Petr"]
[Result "1-0"]
[WhiteElo "1970"]
[BlackElo "1624"]
[PlyCount "57"]

1. e4 e5 2. Nf3 Nc6 3. Bc4 Nf6 4. d3 Bc5 5. O-O d6 6. a4 Bg4 7. a5 a6 8. Be3
Bxe3 9. fxe3 Qd7 10. Nc3 h6 11. Qe1 O-O 12. Qg3 Nb4 13. Bb3 Be6 14. Ba4 Qe7 15.
Nh4 Nh5 16. Qe1 c5 17. Nf5 Qd8 18. Qe2 Nf6 19. Qf2 Bxf5 20. Qxf5 Qxa5 21. Bb3
Qc7 22. Qh3 Qc8 23. Rf5 Nh7 24. Raf1 Ng5 25. Qh5 Qd7 26. Qg4 Ne6 27. Rxf7 Rxf7
28. Bxe6 h5 29. Rxf7 1-0

[Event "O Pohár mìsta Øíèany 2014 - OPEN A"]
[Site "Øíèany"]
[Date "2014.08.28"]
[Round "7.27"]
[White "Pivonka, Michael"]
[Black "Vorackova, Jarmila"]
[Result "0-1"]
[WhiteElo "1612"]
[BlackElo "1936"]
[PlyCount "40"]

1. d4 Nf6 2. c4 g6 3. Nc3 Bg7 4. Nf3 d6 5. g3 O-O 6. Bg2 Nbd7 7. O-O e5 8. dxe5
Nxe5 9. Nxe5 dxe5 10. Qxd8 Rxd8 11. Bg5 Rd4 12. Rfd1 c6 13. e3 Rxd1+ 14. Rxd1
Be6 15. c5 Kf8 16. a3 Nd7 17. e4 Nxc5 18. b4 Nd7 19. Rd6 Ke8 20. b5 Bf8 0-1

[Event "O Pohár mìsta Øíèany 2014 - OPEN A"]
[Site "Øíèany"]
[Date "2014.08.28"]
[Round "7.28"]
[White "Civin, Dominik"]
[Black "Kaiser, Rudolf"]
[Result "1/2-1/2"]
[WhiteElo "1601"]
[BlackElo "1925"]
[PlyCount "87"]

1. c4 f5 2. Nc3 Nf6 3. g3 e6 4. Bg2 Bb4 5. f4 O-O 6. Nf3 Bxc3 7. bxc3 Nc6 8.
O-O d6 9. Ba3 Re8 10. Rb1 e5 11. e3 Rb8 12. Ng5 e4 13. d4 h6 14. Nh3 Na5 15. c5
Nc4 16. Qc1 d5 17. Re1 b6 18. cxb6 axb6 19. Bf1 Ba6 20. Nf2 Ra8 21. Bb2 Qd7 22.
Bxc4 Bxc4 23. a3 Ra5 24. h3 Qf7 25. Qd1 Re6 26. Kh2 Qf8 27. Ra1 g5 28. Rg1 c5
29. Qc1 Be2 30. Qc2 Bf3 31. c4 Qd6 32. cxd5 Nxd5 33. Qd2 Ra7 34. Nd1 h5 35. Nc3
Nf6 36. Nb5 Ng4+ 37. hxg4 hxg4 38. Rg2 Rh7+ 39. Kg1 Qc6 40. d5 Qd7 41. dxe6
Qxd2 42. Rxd2 Rh1+ 43. Kf2 Rh2+ 44. Ke1 1/2-1/2

[Event "O Pohár mìsta Øíèany 2014 - OPEN A"]
[Site "Øíèany"]
[Date "2014.08.28"]
[Round "7.30"]
[White "Kolasin, Jan"]
[Black "Zlamana, Anna"]
[Result "1-0"]
[WhiteElo "2008"]
[BlackElo "1565"]
[PlyCount "75"]

1. d3 e5 2. g3 d5 3. Nf3 Nc6 4. Bg2 Nf6 5. O-O Bc5 6. Bg5 d4 7. Nbd2 Bf5 8. Nh4
Bd7 9. Nc4 Qe7 10. a3 h6 11. Bd2 a6 12. b4 Bd6 13. Nxd6+ cxd6 14. c4 Nd8 15. b5
g5 16. Nf3 axb5 17. cxb5 Bxb5 18. Qb3 Bc6 19. e4 O-O 20. Bb4 Ba4 21. Qb2 Nc6
22. Nd2 b5 23. f4 Ng4 24. Nf3 Ne3 25. fxe5 Nxb4 26. Qxb4 Nc2 27. exd6 Qa7 28.
Qd2 Nxa1 29. Rxa1 f6 30. Qb4 Rad8 31. Bh3 Kg7 32. Nxd4 Qb6 33. Kh1 h5 34. Ne6+
Kf7 35. Rc1 g4 36. Nxd8+ Rxd8 37. Bg2 Rxd6 38. e5 1-0

[Event "O Pohár mìsta Øíèany 2014 - OPEN A"]
[Site "Øíèany"]
[Date "2014.08.28"]
[Round "7.31"]
[White "Horyna, Josef"]
[Black "Postupa st., Pavel"]
[Result "1/2-1/2"]
[WhiteElo "1854"]
[BlackElo "1981"]
[PlyCount "51"]

1. d4 Nf6 2. Nf3 c5 3. c3 e6 4. Bf4 Be7 5. e3 Nh5 6. Bg3 Qb6 7. Qb3 Nxg3 8.
hxg3 Nc6 9. Qxb6 axb6 10. Nbd2 d5 11. Bd3 h6 12. a3 Bd7 13. O-O Bf6 14. Rfe1
O-O 15. Rad1 Rfd8 16. Bc2 Be8 17. Nb3 Na5 18. Nbd2 Nc4 19. Nxc4 dxc4 20. dxc5
b5 21. Rxd8 Rxd8 22. Rd1 Rxd1+ 23. Bxd1 Be7 24. Be2 Bxc5 25. Kf1 Kf8 26. Ke1
1/2-1/2

[Event "O Pohár mìsta Øíèany 2014 - OPEN A"]
[Site "Øíèany"]
[Date "2014.08.28"]
[Round "7.32"]
[White "Forman, Miroslav"]
[Black "Vystrcil, Martin"]
[Result "1-0"]
[WhiteElo "1926"]
[BlackElo "1803"]
[PlyCount "61"]

1. g4 d5 2. Bg2 c6 3. g5 e5 4. d3 f6 5. h4 Be7 6. Nf3 Bg4 7. Nbd2 Nd7 8. Rg1 g6
9. Bh1 Bxf3 10. Nxf3 f5 11. c3 Qc7 12. Qc2 O-O-O 13. Bd2 Bc5 14. b4 Bb6 15. c4
dxc4 16. Qxc4 Ne7 17. e4 Kb8 18. h5 c5 19. Rc1 cxb4 20. Qe6 Nc5 21. Rxc5 Bxc5
22. Nxe5 Rhf8 23. Bf4 fxe4 24. Nd7+ Rxd7 25. Bxc7+ Rxc7 26. Rf1 exd3 27. Be4
Nc6 28. f3 Nd4 29. Qe5 b3 30. axb3 Nxb3 31. Kd1 1-0